| 000 | 00448nam a2200133Ia 4500 | ||
|---|---|---|---|
| 008 | 220620s9999||||xx |||||||||||||| ||und|| | ||
| 022 | _a21919925 | ||
| 100 | _aFeofanov, Alexey | ||
| 245 | 0 | _aExperiments on flux qubits with pi-shifters | |
| 546 | _aEnglish[eng] | ||
| 650 | _aQuantum computation||Josephson devices||Superconductivity||Ferromagnet||Circuit quantum electrodynamics | ||
| 856 | _uhttps://www.ksp.kit.edu/9783866446441 | ||
| 942 | _cEB | ||
| 999 |
_c35100 _d35100 |
||